| 000 | 00673nam a22001937a 4500 | ||
|---|---|---|---|
| 005 | 20260107162908.0 | ||
| 008 | 260107b ||||fr|||| 00| 0 eng d | ||
| 020 | _a958-21-0004-4 | ||
| 040 |
_aCENNDOC CAAAP _bspa _cCAAAP |
||
| 041 | _aspa | ||
| 050 |
_aF 2270 _b.W44 |
||
| 100 | 1 |
_95769 _aWheeler, Avaro |
|
| 245 | 1 |
_aGantëya Bain : _bel Pueblo Siona del río Putumayo Colombia / _cAvaro Wheeler |
|
| 250 | _a1ra edición | ||
| 260 | 1 |
_aBogotá, Colombia : _bInstituto Linguistica de Verano, _c1987. |
|
| 300 |
_a374 páginas ; _c23 x 15 cm |
||
| 650 | 0 |
_94 _aPueblos Indígenas _vAntropología cultural _xLingüística indígena _zPutumayo |
|
| 942 |
_2lcc _bDD - MM - AA _cBK |
||
| 999 |
_c4318 _d4318 |
||